[Event "Munich Youngsters IM Challenge"]
[Site "Munich"]
[Date "2023.10.10"]
[Round "4"]
[White "Loeffler, Stefan"]
[Black "Hartge, Gedeon"]
[Result "1/2-1/2"]
[WhiteElo "2332"]
[BlackElo "2228"]
[PlyCount "67"]
[EventDate "2023.10.08"]
[EventType "team-tourn"]
[EventRounds "9"]
[EventCountry "GER"]
[SourceTitle "Mega2024 Update 01"]
[Source "Chessbase"]
[SourceDate "2023.11.12"]
[SourceVersion "1"]
[SourceVersionDate "2023.11.12"]
[SourceQuality "1"]
[WhiteTeam "Challenger II"]
[BlackTeam "Challenger IV"]
[WhiteTeamCountry "GER"]
[BlackTeamCountry "GER"]

1. d4 Nf6 2. Nf3 c5 3. d5 b5 4. a4 Bb7 5. c4 Qa5+ 6. Bd2 b4 7. Qc2 g6 8. g3 Bg7 9. Bh3 0-0 10. 0-0 Qc7 11. e4 d6 12. Ne1 e6 13. f4 exd5 14. exd5 Nbd7 15. Nf3 Rae8 16. f5 Bc8 17. g4 gxf5 18. gxf5 Kh8 19. Be1 Re3 20. Nbd2 Ne5 21. Bg3 Nxf3+ 22. Nxf3 Nh5 23. Rae1 Nxg3 24. hxg3 Qe7 25. f6 Bxf6 26. Bxc8 Rxc8 27. Qf5 Rg8 28. Kf2 Rxe1 29. Rxe1 Qd8 30. b3 Rg6 31. Re4 Kg7 32. Kg2 a5 33. Rf4 Qe7 34. Re4 1/2-1/2

[Event "Prague Summer op-A 8th"]
[Site "Prague"]
[Date "2021.08.12"]
[Round "8"]
[White "Hartge, Gedeon"]
[Black "Jun, Rudolf Jr"]
[Result "1/2-1/2"]
[WhiteElo "2254"]
[BlackElo "2090"]
[PlyCount "94"]
[EventDate "2021.08.06"]
[EventType "swiss"]
[EventRounds "9"]
[EventCountry "CZE"]
[SourceTitle "CBM 203 Extra"]
[Source "ChessBase"]
[SourceDate "2021.09.30"]
[SourceVersion "1"]
[SourceVersionDate "2021.09.30"]
[SourceQuality "1"]

1. d4 Nf6 2. c4 g6 3. f3 Bg7 4. e4 d6 5. Nc3 0-0 6. Nge2 a6 7. Be3 Nbd7 8. Qd2 c5 9. Rd1 Qa5 10. Nc1 cxd4 11. Bxd4 Rb8 12. Nb3 Qc7 13. Be2 b6 14. 0-0 Nc5 15. Na1 Bb7 16. Rc1 Rbc8 17. Rfd1 Qb8 18. Bf1 Nfd7 19. Be3 Rfe8 20. b4 Ne6 21. Nb3 Bc6 22. Qf2 a5 23. a3 axb4 24. axb4 Bxc3 25. Rxc3 Ba4 26. Rdc1 Bxb3 27. Rxb3 Qc7 28. Ra3 Ra8 29. Rca1 Rxa3 30. Rxa3 Rb8 31. Qa2 Qd8 32. Ra7 Ne5 33. Ra3 Nc6 34. Qb2 Ne5 35. Be2 Rc8 36. Qa2 Nc6 37. Qb2 Ne5 38. Rc3 Qc7 39. f4 Nc6 40. Ra3 Rb8 41. h4 Qd8 42. h5 Qf8 43. Ra6 Qc8 44. Ra2 Qf8 45. Ra6 Qc8 46. Ra2 Qf8 47. Ra6 Qc8 1/2-1/2

[Event "GER-ch rapid 46th"]
[Site "Plochingen"]
[Date "2020.09.20"]
[Round "6"]
[White "Meissner, Felix"]
[Black "Hartge, Gedeon"]
[Result "1/2-1/2"]
[WhiteElo "2362"]
[BlackElo "2234"]
[PlyCount "133"]
[EventDate "2020.09.19"]
[EventType "swiss"]
[EventRounds "9"]
[EventCountry "GER"]
[SourceTitle "CBM 198 Extra"]
[Source "ChessBase"]
[SourceDate "2020.11.30"]
[SourceVersion "1"]
[SourceVersionDate "2020.11.30"]
[SourceQuality "1"]

1. e4 c5 2. Nc3 Nc6 3. Bb5 Nd4 4. Nf3 Nxb5 5. Nxb5 a6 6. Nc3 e6 7. a4 b6 8. d4 cxd4 9. Qxd4 Bb7 10. 0-0 Nf6 11. Bg5 Bc5 12. Qd3 h6 13. Bh4 g5 14. Bg3 Nh5 15. Rad1 Nxg3 16. hxg3 Qc7 17. e5 0-0-0 18. Ne4 g4 19. Nd6+ Bxd6 20. exd6 Qc6 21. Nh4 Qxa4 22. Rfe1 Kb8 23. b3 Qc6 24. c4 Rdg8 25. Qd4 Qc5 26. Qc3 Qg5 27. Re5 Qf6 28. Qe1 Rg5 29. Re3 Rc8 30. Qb4 Ka7 31. Qe1 Qb2 32. Rd2 Qa3 33. Rd1 Qc5 34. Qd2 Qc6 35. Qd4 Rh5 36. Kf1 Rxh4 37. gxh4 Qxg2+ 38. Ke1 Qg1+ 39. Kd2 Qxf2+ 40. Kc1 Qa2 41. Qxg4 Qa1+ 42. Kd2 Qb2+ 43. Ke1 f5 44. Qg3 Qf6 45. Qe5 Qxh4+ 46. Kd2 Qf2+ 47. Kc1 Rc5 48. Qc3 f4 49. Rxe6 Qa2 50. Rxh6 Qa3+ 51. Qb2 Qxb2+ 52. Kxb2 f3 53. Rf6 a5 54. Kc3 Bc6 55. Kd4 Kb7 56. Rd2 Rg5 57. Ke3 Rg1 58. Kd4 Rg4+ 59. Kc3 Rg1 60. Rf5 Rc1+ 61. Kd4 Rb1 62. Kc3 Be4 63. Rf4 Bc6 64. Rf6 Rc1+ 65. Kd4 Rb1 66. Kc3 Rc1+ 67. Kb2 1/2-1/2

[Event "Oberliga Ost-A 1920"]
[Site "Germany"]
[Date "2020.03.01"]
[Round "9.2"]
[White "Cerveny, Martin"]
[Black "Hartge, Gedeon"]
[Result "1-0"]
[WhiteElo "2375"]
[BlackElo "2229"]
[PlyCount "75"]
[EventDate "2019.09.29"]
[EventType "team-tourn"]
[EventRounds "11"]
[EventCountry "GER"]
[SourceTitle "EXT 2023"]
[Source "ChessBase"]
[SourceDate "2022.10.05"]
[SourceVersion "1"]
[SourceVersionDate "2022.10.05"]
[SourceQuality "1"]
[WhiteTeam "Aue Nickelhuette II"]
[BlackTeam "Halle USV"]
[WhiteTeamCountry "GER"]
[BlackTeamCountry "GER"]

1. d4 Nf6 2. Nf3 c5 3. d5 e6 4. c4 b5 5. dxe6 fxe6 6. cxb5 d5 7. Nc3 Bb7 8. e4 d4 9. Na4 Bxe4 10. Bg5 Nbd7 11. Bc4 Bxf3 12. gxf3 Ne5 13. Bxe6 Qa5+ 14. b4 Qxb4+ 15. Kf1 Qxb5+ 16. Kg2 Be7 17. Re1 Nd3 18. Re2 c4 19. h4 h6 20. Bxf6 Nf4+ 21. Kf1 Nxe2 22. Bxe7 d3 23. Ba3 Qa6 24. Bf5 Qf6 25. Qb1 Qxf5 26. Qb7 Qe5 27. Qxa8+ Kf7 28. Qxa7+ Kg6 29. Bb2 c3 30. Qa6+ Kh5 31. Nxc3 Rb8 32. Qc4 Qf5 33. Nxe2 dxe2+ 34. Qxe2 Qh3+ 35. Kg1 Qxh4 36. Qe5+ Qg5+ 37. Qxg5+ Kxg5 38. Bxg7 1-0

[Event "Erfurt op-A 29th"]
[Site "Erfurt"]
[Date "2019.12.30"]
[Round "8"]
[White "Hartge, Gedeon"]
[Black "Wiley, Tom E"]
[Result "1/2-1/2"]
[WhiteElo "2239"]
[BlackElo "2159"]
[PlyCount "35"]
[EventDate "2019.12.26"]
[EventType "swiss"]
[EventRounds "8"]
[EventCountry "GER"]
[SourceTitle "CBM 194 Extra"]
[Source "ChessBase"]
[SourceDate "2020.03.31"]
[SourceVersion "1"]
[SourceVersionDate "2020.03.31"]
[SourceQuality "1"]

1. d4 Nf6 2. c4 e6 3. Nc3 Bb4 4. e3 0-0 5. Bd3 d5 6. a3 Bxc3+ 7. bxc3 dxc4 8. Bxc4 c5 9. Ne2 Qc7 10. Ba2 b6 11. 0-0 Ba6 12. Re1 Rd8 13. Bb2 Nc6 14. Rc1 Na5 15. Ng3 Bc4 16. Bxc4 Nxc4 17. Qb3 Na5 18. Qa4 1/2-1/2

[Event "Oberliga Ost-A 1920"]
[Site "Germany"]
[Date "2019.12.08"]
[Round "5.1"]
[White "Hartge, Gedeon"]
[Black "Mikes, Jan"]
[Result "1/2-1/2"]
[WhiteElo "2229"]
[BlackElo "2362"]
[PlyCount "54"]
[EventDate "2019.09.29"]
[EventType "team-tourn"]
[EventRounds "11"]
[EventCountry "GER"]
[SourceTitle "EXT 2021"]
[Source "ChessBase"]
[SourceDate "2020.10.23"]
[SourceVersion "1"]
[SourceVersionDate "2020.10.23"]
[SourceQuality "1"]
[WhiteTeam "Halle USV"]
[BlackTeam "Magdeburg Rochade"]
[WhiteTeamCountry "GER"]
[BlackTeamCountry "GER"]

1. d4 Nf6 2. c4 g6 3. f3 Bg7 4. e4 d6 5. Nc3 0-0 6. Nge2 c5 7. d5 e6 8. Ng3 a6 9. a4 exd5 10. cxd5 h5 11. Be2 h4 12. Nf1 Nbd7 13. Bg5 h3 14. g3 Qb6 15. Qd2 Nh7 16. a5 Qc7 17. Bh6 Bxh6 18. Qxh6 b5 19. axb6 Qxb6 20. Qd2 f5 21. exf5 gxf5 22. Ne3 Ne5 23. f4 Ng4 24. Nc4 Qc7 25. 0-0 Nh6 26. Rfe1 Nf6 27. Bf3 Rb8 1/2-1/2

[Event "GER-ch rapid 45th"]
[Site "Neumarkt in der Oberpfalz"]
[Date "2019.09.22"]
[Round "7"]
[White "Hartge, Gedeon"]
[Black "Yankelevich, Lev"]
[Result "0-1"]
[WhiteElo "2225"]
[BlackElo "2480"]
[PlyCount "92"]
[EventDate "2019.09.21"]
[EventType "swiss"]
[EventRounds "9"]
[EventCountry "GER"]
[SourceTitle "EXT 2020"]
[Source "ChessBase"]
[SourceDate "2019.10.17"]
[SourceVersion "1"]
[SourceVersionDate "2019.10.17"]
[SourceQuality "1"]

1. d4 Nf6 2. c4 g6 3. f3 Bg7 4. e4 d6 5. Nc3 0-0 6. Nge2 a6 7. Be3 Nbd7 8. Qd2 b5 9. g4 Nb6 10. Ng3 c6 11. h4 Bxg4 12. fxg4 Nxg4 13. c5 Nxe3 14. Qxe3 dxc5 15. dxc5 Bd4 16. Qg5 Bf6 17. Qe3 Bd4 18. Qg5 f6 19. Qh6 Bxc5 20. Rd1 Qc7 21. Rd3 Rad8 22. Rf3 b4 23. Nd1 Qe5 24. Be2 e6 25. Qf4 Qxf4 26. Rxf4 Bd4 27. Rf3 a5 28. Nf1 Na4 29. b3 Nc5 30. Nd2 Kg7 31. Bc4 Rd6 32. Rh2 Rfd8 33. Rg2 a4 34. Re2 a3 35. Rg2 Bb2 36. Re2 Bc1 37. Rff2 Nd7 38. Nf3 Ne5 39. Ne3 Nxc4 40. bxc4 Bxe3 41. Rxe3 Rd1+ 42. Ke2 Ra1 43. Ne1 Rxa2+ 44. Kf3 Rxf2+ 45. Kxf2 a2 46. Nc2 Rd2+ 0-1

[Event "Erfurt op 28th"]
[Site "Erfurt"]
[Date "2018.12.29"]
[Round "6"]
[White "Lagunow, Alexander"]
[Black "Hartge, Gedeon"]
[Result "1/2-1/2"]
[WhiteElo "2392"]
[BlackElo "2198"]
[PlyCount "79"]
[EventDate "2018.12.26"]
[EventType "swiss"]
[EventRounds "8"]
[EventCountry "GER"]
[SourceTitle "CBM 188 Extra"]
[Source "ChessBase"]
[SourceDate "2019.02.26"]
[SourceVersion "1"]
[SourceVersionDate "2019.02.26"]
[SourceQuality "1"]

1. c4 c5 2. Nf3 Nf6 3. Nc3 Nc6 4. d4 cxd4 5. Nxd4 e6 6. Ndb5 d6 7. Bf4 e5 8. Bg5 a6 9. Bxf6 gxf6 10. Na3 Be6 11. g3 Rc8 12. Bg2 f5 13. e3 Bg7 14. Qd2 0-0 15. 0-0 Qa5 16. Rac1 Rfd8 17. Qe2 Qc5 18. Nd5 Kf8 19. Rb1 Nb4 20. Qh5 Nxd5 21. cxd5 Bxd5 22. b4 Qc6 23. Rbc1 Bxg2 24. Rxc6 Bxc6 25. Qxf5 d5 26. f4 e4 27. Rd1 d4 28. b5 Bd5 29. exd4 Kg8 30. Kf2 Rc3 31. Nb1 Rf3+ 32. Ke1 Bc4 33. Nd2 Re3+ 34. Kf2 Re2+ 35. Kg1 Bxd4+ 36. Kh1 Bb6 37. Qg5+ Kf8 38. Qh6+ Ke8 39. Qxb6 Bxb5 40. Qf6 1/2-1/2

[Event "Youth District Germany"]
[Site "Wuerzburg"]
[Date "2018.10.06"]
[Round "6.4"]
[White "Hartge, Gedeon"]
[Black "Arnhold, Steffi"]
[Result "1-0"]
[WhiteElo "2214"]
[BlackElo "1955"]
[PlyCount "57"]
[EventDate "2018.10.02"]
[EventType "team-swiss"]
[EventRounds "7"]
[EventCountry "GER"]
[SourceTitle "CBM 186 Extra"]
[Source "ChessBase"]
[SourceDate "2018.08.24"]
[SourceVersion "1"]
[SourceVersionDate "2018.08.24"]
[SourceQuality "1"]
[WhiteTeam "Sachsen Anhalt U20"]
[BlackTeam "Sachsen U20 II"]
[WhiteTeamCountry "GER"]
[BlackTeamCountry "GER"]

1. d4 Nf6 2. c4 e6 3. Nc3 Bb4 4. e3 0-0 5. Bd3 d5 6. a3 Bxc3+ 7. bxc3 b6 8. cxd5 exd5 9. Ne2 c5 10. 0-0 Nc6 11. Ng3 Re8 12. f3 h5 13. Ra2 Qc7 14. Re2 Bd7 15. Ree1 Rad8 16. Qc2 Bc8 17. Qf2 g6 18. Bb2 Re6 19. Ne2 c4 20. Bc2 b5 21. Nf4 Ree8 22. Qg3 Qd7 23. h3 Ne7 24. e4 Kh8 25. e5 Nh7 26. e6 fxe6 27. Nxe6 Qd6 28. Qxd6 Rxd6 29. Nc7 1-0

[Event "Youth District Germany"]
[Site "Wuerzburg"]
[Date "2018.10.05"]
[Round "5.4"]
[White "Muetsch, Annmarie"]
[Black "Hartge, Gedeon"]
[Result "1/2-1/2"]
[WhiteElo "2194"]
[BlackElo "2214"]
[PlyCount "83"]
[EventDate "2018.10.02"]
[EventType "team-swiss"]
[EventRounds "7"]
[EventCountry "GER"]
[SourceTitle "CBM 186 Extra"]
[Source "ChessBase"]
[SourceDate "2018.08.24"]
[SourceVersion "1"]
[SourceVersionDate "2018.08.24"]
[SourceQuality "1"]
[WhiteTeam "Baden U20"]
[BlackTeam "Sachsen Anhalt U20"]
[WhiteTeamCountry "GER"]
[BlackTeamCountry "GER"]

1. e4 c5 2. Nf3 e6 3. d4 cxd4 4. Nxd4 a6 5. c4 Nf6 6. Nc3 Qc7 7. a3 b6 8. Be3 Bb7 9. f3 Nc6 10. Be2 Nxd4 11. Qxd4 Bc5 12. Qd2 Bxe3 13. Qxe3 d6 14. 0-0 Qc5 15. Qxc5 bxc5 16. b4 Ke7 17. Rfd1 Rhb8 18. Rab1 Bc6 19. Rd2 Be8 20. Rdb2 cxb4 21. axb4 g5 22. Ra2 Nd7 23. Ra5 h6 24. Kf2 Ne5 25. c5 Nc6 26. cxd6+ Kxd6 27. Ra4 Ke5 28. Ke3 Ra7 29. g3 Rab7 30. f4+ Kf6 31. e5+ Kg7 32. Bxa6 Rxb4 33. Raxb4 Nxb4 34. Bd3 Nc6 35. Rxb8 Nxb8 36. Ne4 gxf4+ 37. Kxf4 Ba4 38. Nf6 Nd7 39. Nxd7 Bxd7 40. g4 f6 41. h4 Ba4 42. exf6+ 1/2-1/2

[Event "Sachsen-Anhalt-ch 28th"]
[Site "Magdeburg"]
[Date "2018.05.10"]
[Round "2.4"]
[White "Stein, Robert"]
[Black "Hartge, Gedeon"]
[Result "1-0"]
[WhiteElo "2235"]
[BlackElo "2183"]
[PlyCount "69"]
[EventDate "2018.05.10"]
[EventType "tourn"]
[EventRounds "7"]
[EventCountry "GER"]
[SourceTitle "EXT 2019"]
[Source "ChessBase"]
[SourceDate "2018.10.10"]
[SourceVersion "1"]
[SourceVersionDate "2018.10.10"]
[SourceQuality "1"]

1. d4 c5 2. d5 Nf6 3. Nc3 g6 4. e4 d6 5. Bb5+ Nbd7 6. a4 Bg7 7. Nf3 0-0 8. 0-0 Ne8 9. Bf4 a6 10. Be2 Qb6 11. Ra3 Ne5 12. Nd2 f5 13. a5 Qc7 14. exf5 Bxf5 15. Be3 Nf6 16. h3 Kh8 17. Re1 e6 18. f4 Nf7 19. Bf3 exd5 20. Nxd5 Nxd5 21. Bxd5 Rae8 22. Nc4 Be6 23. Rd3 Bxd5 24. Rxd5 Re6 25. c3 Rfe8 26. Qd3 Qc6 27. Rd1 Qb5 28. Bf2 Re4 29. Nxd6 Nxd6 30. Rxd6 Qxb2 31. Rd8 Re2 32. Qd7 Qb5 33. Qf7 Bxc3 34. R1d7 Qxd7 35. Rxd7 1-0